Los etxeberri no paran de gritar / (Record no. 28878)
[ view plain ]
| 000 -LEADER | |
|---|---|
| campo de control de longitud fija | 00459nam a22001817a 4500 |
| 001 - NÚMERO DE CONTROL | |
| campo de control | 00028837 |
| 008 - DATOS DE LONGITUD FIJA--INFORMACIÓN GENERAL | |
| campo de control de longitud fija | 260422b ag ||||| |||| 00| 0 spa d |
| 040 ## - FUENTE DE CATALOGACIÓN | |
| Lengua de catalogación | Español; Castellano |
| Centro/agencia transcriptor | AR-CcCEOS |
| 080 ## - NÚMERO DE LA CLASIFICACIÓN DECIMAL UNIVERSAL | |
| Número de la Clasificación Decimal Universal | 860-3(82) |
| 090 ## - LOCALMENTE ASIGNADO TIPO-LC NÚMERO DE CLASIFICACIÓN (OCLC); NÚMERO DE CLASIFICACIÓN LOCAL (RLIN) | |
| Número cutter local (OCLC) ; Número de libro/Signatura topográfica íntegra, CALL (RLIN) | BID |
| 100 ## - ENTRADA PRINCIPAL--NOMBRE DE PERSONA | |
| Nombre de persona | José Bidegain |
| 9 (RLIN) | 1094 |
| 245 ## - MENCIÓN DEL TÍTULO | |
| Título | Los etxeberri no paran de gritar / |
| Mención de responsabilidad, etc. | José Bidegain |
| 260 ## - PUBLICACIÓN, DISTRIBUCIÓN, ETC. | |
| Lugar de publicación, distribución, etc. | Buenos Aires. |
| 300 ## - DESCRIPCIÓN FÍSICA | |
| Dimensiones | 24x15 cm. |
| 650 #0 - PUNTO DE ACCESO ADICIONAL DE MATERIA--TÉRMINO DE MATERIA | |
| Término de materia o nombre geográfico como elemento de entrada | literatura argentina |
| 942 ## - ELEMENTOS DE ENTRADA SECUNDARIOS (KOHA) | |
| Fuente de la clasificación o esquema de estantería | Clasificación decimal universal |
| Tipo de ítem Koha | Libros |
| 945 ## - | |
| -- | 66467 |
| -- | Melina Rolando |
| -- | 66467 |
| -- | Melina Rolando |
| Estatus retirado | Estado de pérdida | Fuente de la clasificación o esquema de estantería | Estado de daño | No para préstamo | Colección | Biblioteca de origen | Biblioteca actual | Fecha de adquisición | Número de inventario | Total de préstamos | Signatura topográfica completa | Código de barras | Visto por última vez | Precio de reemplazo | Tipo de ítem Koha |
|---|---|---|---|---|---|---|---|---|---|---|---|---|---|---|---|
| Clasificación decimal universal | SER | Biblioteca Julio Serebrinsky | Biblioteca Julio Serebrinsky | 22/04/2026 | 46488 | 860-3(82) | 46488 | 22/04/2026 | 22/04/2026 | Libros |